| 000 | 00445nam a2200181Ia 4500 | ||
|---|---|---|---|
| 001 | 1289 | ||
| 005 | 20260306140621.0 | ||
| 008 | 260306t2017||||xx |||||||||||||| ||spa|| | ||
| 041 | _aESP | ||
| 082 |
_a193 _bF342 |
||
| 100 |
_aFichte, Johann G. _eAUT |
||
| 245 | 0 |
_aLecciones de filosofía aplicada: _bdoctrina del estado |
|
| 260 | _c2017 | ||
| 300 |
_a283 páginas : _c21 cm. |
||
| 650 | _aGEN | ||
| 654 | _aCHU | ||
| 942 |
_cLIB _dJUS _fJUS _2ddc _n |
||
| 999 |
_c1289 _d1289 |
||